000 00527nam a2200169 i 4500
001 43951
003 ES-MaACL
005 20230906160921.0
007 t|
008 030320s1973 sp ||||1| spa d
245 0 3 _aLa cavidad teatral /
_c[textos y entrevistas de Donald M. Kaplan ... [et al.] ; traducción, Joaquín Jordá.
260 _a[Barcelona] :
_bAnagrama,
_c[1973]
300 _a88 p. ;
_c18 cm.
700 1 _aKaplan, Donald M.
_967513
700 1 _aJordá, Joaquín.
_966895
852 _aES-MaACL
_jC-53733
_bR.86527
999 _c43951
_d43951